书目信息 |
| 题名: |
电视编导实用教程
|
|
| 作者: | 陈立强 主编 | |
| 分册: | ||
| 出版信息: | 北京 中国传媒大学出版社 2012.08 |
|
| 页数: | 329页 | |
| 开本: | 26cm | |
| 丛书名: | ||
| 单 册: | ||
| 中图分类: | G222.3 , J911 | |
| 科图分类: | ||
| 主题词: | 电视节目制作--高等学校--教材 , 电视节目--导演艺术--高等学校--教材 , 电视节目制作 , 电视节目 , 导演艺术 | |
| 电子资源: | ||
| ISBN: | 978-7-5657-0535-9 | |
| 000 | 00955nam0 2200301 450 | |
| 001 | 010030029928 | |
| 005 | 20130704153604.39 | |
| 010 | @a978-7-5657-0535-9@dCNY45.00 | |
| 100 | @a20121011d2012 em y0chiy50 ea | |
| 101 | 0 | @achi |
| 102 | @aCN@b110000 | |
| 105 | @ay z 000yy | |
| 106 | @ar | |
| 200 | 1 | @a电视编导实用教程@9dian shi bian dao shi yong jiao cheng@f陈立强主编 |
| 210 | @a北京@c中国传媒大学出版社@d2012.08 | |
| 215 | @a329页@d26cm | |
| 300 | @a十二五广播电视专业系列教材 | |
| 330 | @a本书围绕如何做一个电视编导来结构教材内容,对编导工作的每一个阶段的流程做了清晰介绍,并有相关案例说明。 | |
| 606 | 0 | @a电视节目制作@x高等学校@j教材 |
| 606 | 0 | @a电视节目@x导演艺术@x高等学校@j教材 |
| 606 | 0 | @a电视节目制作 |
| 606 | 0 | @a电视节目 |
| 606 | 0 | @a导演艺术 |
| 690 | @aG222.3@v5 | |
| 690 | @aJ911@v5 | |
| 701 | 0 | @a陈立强@9chen li qiang@f(1968-)@4主编 |
| 801 | 0 | @aCN@bRENTIAN@c20121011 |
| 905 | @b547382-85@dG222.3@e177@f4 | |
| 电视编导实用教程/陈立强主编.-北京:中国传媒大学出版社,2012.08 |
| 329页;26cm |
| 十二五广播电视专业系列教材 |
| ISBN 978-7-5657-0535-9:CNY45.00 |
| 本书围绕如何做一个电视编导来结构教材内容,对编导工作的每一个阶段的流程做了清晰介绍,并有相关案例说明。 |
| ● |
| 相关链接 |
|
|
|
|
正题名:电视编导实用教程
索取号:G222.3/177
 
预约/预借
| 序号 | 登录号 | 条形码 | 馆藏地/架位号 | 状态 | 备注 |
| 1 | 547382 | 205473824 | 第一样本阅览室/ [索取号:G222.3/177] | 在馆 | |
| 2 | 547383 | 205473833 | 第四借阅区/ [索取号:G222.3/177] | 在馆 | |
| 3 | 547384 | 205473842 | 第四借阅区/ [索取号:G222.3/177] | 在馆 | |
| 4 | 547385 | 205473851 | 第四借阅区/ [索取号:G222.3/177] | 在馆 |